| 000 | 004240000a22001450004500 | ||
|---|---|---|---|
| 005 | 20240113154211.0 | ||
| 008 | 230817t1999 ||||| |||| 00| 0 eng d | ||
| 082 |
_a323.1 _bREP |
||
| 245 | _aReport of the Workshop on Minority Protection in Sri Lanka | ||
| 260 |
_aColombo: _bICES, _c1999 |
||
| 300 | _a12 p. | ||
| 440 |
_aMinority Protection in South Asia Workshop report _v1 |
||
| 650 | _aMINORTITY RIGHTS-Sri Lanka | ||
| 942 | _cRP | ||
| 999 |
_c53 _d53 |
||